Phương pháp giải đề thi tuyển sinh ĐH môn Toán
v.v...
Đã lưu trong:
| Tác giả chính: | |
|---|---|
| Định dạng: | Sách |
| Năm xuất bản: |
Tp. HCM.
Nxb Trẻ
2002
|
| Chủ đề: | |
| Tags: |
Thêm thẻ
Không có thẻ, Hãy là người đầu tiên gắn thẻ bản ghi này!
|
| LEADER | 00663nam a2200181 4500 | ||
|---|---|---|---|
| 082 | |a 540.76 |b TR120Đ | ||
| 100 | |a Trần Đức Huyên | ||
| 245 | |a Phương pháp giải đề thi tuyển sinh ĐH môn Toán |c Trần Đức Huyên | ||
| 260 | |a Tp. HCM. |b Nxb Trẻ |c 2002 | ||
| 300 | |a 828 tr |c 21cm | ||
| 520 | |a v.v... | ||
| 653 | |a Toán học | ||
| 653 | |a Đề thi tuyển sinh | ||
| 653 | |a Sách luyện thi | ||
| 653 | |a Giải đề thi | ||
| 942 | |2 ddc |c SH | ||
| 999 | |c 7205 |d 7205 | ||
| 952 | |0 0 |1 0 |2 ddc |4 0 |6 540_760000000000000_TR120Đ |7 0 |8 500 |9 66717 |a qbu |b qbu |c D3 |d 2015-01-30 |g 40000 |o 540.76 TR120Đ |p 7065.c1 |r 0000-00-00 |w 2015-01-30 |y SH |0 0 |6 540_760000000000000_TR120Đ | ||